Kanariansaaret - Statistics

Yleistilastot
  • Tätä visaa on pelattu 515 kertaa
  • Keskiarvotulos 3 / 7
Vastaukset kartalla
Vastauksille on annettu kartalla punavihreä väri sen mukaan, kuinka moni on saanut sen oikein.
 
Vastaustilastot
km2 Vastaus % Oikein
2 034 Teneriffa
91%
1 560 Gran Canaria
81%
846 Lanzarote
53%
1 660 Fuerteventura
40%
708 La Palma
38%
370 La Gomera
23%
269 El Hierro
21%
Ehtoja vastaavia visoja ei löytynyt
Tulosjakauma
Jokaisen tuloksen saaneiden osuus
Persentiili vastausten määrän mukaan
Tuloshistoriasi
Et ole pelannut tätä visaa